| 000 | 00364nam a2200169Ia 4500 | ||
|---|---|---|---|
| 100 | _aKOGENT | ||
| 650 | _aWeb technology | ||
| 942 | _cBK | ||
| 366 | _f25 | ||
| 654 | _aweb technolgoies | ||
| 245 | _aweb technologies black book | ||
| 260 |
_bDreamtech Press _c2010 |
||
| 082 |
_a4.65 _bWEB |
||
| 300 | _a1354 | ||
| 546 |
_aENGLISH _cPAMPHALETS |
||
| 999 |
_c27444 _d27444 |
||